| 000 | 00937nam a2200229Ia 4500 | ||
|---|---|---|---|
| 003 | IN-BaIIA | ||
| 008 | 211028s9999 xx 000 0 eng d | ||
| 020 | _a90-277-2446-6 | ||
| 040 | _cIIA Library | ||
| 080 |
_a52(082.1) _bASS-132 |
||
| 111 |
_aWorkshop on Late Stages of Stellar Evolution _cGalgary, Canada _d1986 June 2-5 _915358 |
||
| 245 | 0 |
_aLate stages of stellar evolution _bproceedings of the workshop on late stages of stellar evolution, held in Galgary, Canada, 2-5 June, 1986 _cedited by S. Kwok and S. R. Pottasch |
|
| 260 |
_aDordrecht _bD. Reidel Publishing _c1987 |
||
| 300 | _axviii, 426p. | ||
| 490 | _aAstrophysics and space science library; v. 132 | ||
| 650 | _aAstronomy and Astrophysics Thesaurus | ||
| 650 | _aStellar evolution | ||
| 650 |
_aStellar interior _912840 |
||
| 700 |
_aKwok, S., ed. _915359 |
||
| 700 |
_aPottasch, S. R., e _915360 |
||
| 942 | _cBK | ||
| 999 |
_c9146 _d9146 |
||